LEADER 00843nam0-2200253 --450 001 9910738200603321 005 20230906110403.0 010 $a978-88-7132-054-0 100 $a20230906d2010----kmuy0itay5050 ba 101 0 $aita 102 $aIT 105 $a 001yy 200 1 $aIntroduzione allo studio delle istituzioni di diritto romano$el'ordinamento costituzionale ed il sistema delle fonti di Roma antica$fFrancesco Arcaria 210 $aCatania$cTorre$d2010 215 $aX, 82 p.$d21 cm 676 $a340$v23$zita 700 1$aArcaria,$bFrancesco$0232961 801 0$aIT$bUNINA$gREICAT$2UNIMARC 901 $aBK 912 $a9910738200603321 952 $aFONDO PROFESSOR ANTONIO GUARINO IV M 90$bG/1009$fFGBC 959 $aFGBC 996 $aIntroduzione allo studio delle istituzioni di diritto romano$93529480 997 $aUNINA